Mga panitikan ng Pilipinas / (Record no. 354799)
[ view plain ]
| 000 -LEADER | |
|---|---|
| fixed length control field | 00328nam a2200109Ia 4500 |
| 008 - FIXED-LENGTH DATA ELEMENTS--GENERAL INFORMATION | |
| fixed length control field | 180205s9999 xx 000 0 und d |
| 020 ## - INTERNATIONAL STANDARD BOOK NUMBER | |
| International Standard Book Number | 9789715845427 |
| 100 ## - MAIN ENTRY--PERSONAL NAME | |
| Personal name | Santiago, Quindoza Lilia |
| 245 ## - TITLE STATEMENT | |
| Statement of responsibility, etc | Antonio, Lilia F. |
| Title | Mga panitikan ng Pilipinas / |
| 260 ## - PUBLICATION, DISTRIBUTION, ETC. (IMPRINT) | |
| Place of publication, distribution, etc | Quezon City |
| Name of publisher, distributor, etc | C & E Publishing |
| Date of publication, distribution, etc | 2007 |
| 300 ## - PHYSICAL DESCRIPTION | |
| Extent | iii, 306 pages |
| Withdrawn status | Lost status | Damaged status | Home library | Current library | Shelving location | Date acquired | Source of acquisition | Total Checkouts | Full call number | Barcode | Date last seen | Price effective from | Koha item type |
|---|---|---|---|---|---|---|---|---|---|---|---|---|---|
| College Library | College Library | Filipiniana Section | 02/05/2018 | Library Fund | PL 6061 .Sa235 2007 | C14776 | 05/08/2018 | 02/05/2018 | Books |